[Event "ICS rated standard match"]
[Site "204.178.125.65"]
[Date "2000.07.12"]
[Round "?"]
[White "Hossa"]
[Black "QueenMaxima"]
[Result "1/2-1/2"]
[WhiteElo "2391"]
[BlackElo "2334"]
[PlyCount "130"]
[EventDate "2000.??.??"]

1. e4 c5 2. Nf3 e6 3. d4 cxd4 4. Nxd4 Nc6 5. Nc3 Qc7 6. Be2 a6 7. O-O Nf6 8.
Kh1 Be7 9. Be3 O-O 10. Kg1 Bb4 11. Nxc6 Qxc6 12. f3 Bxc3 13. bxc3 Qxc3 14. Qd2
Qxd2 15. Bxd2 b5 16. Bb4 Re8 17. Bd6 Bb7 18. Rab1 Rec8 19. c4 Ne8 20. Be7 d5
21. exd5 exd5 22. cxb5 Rc2 23. bxa6 Bxa6 24. Bxa6 Rxa6 25. a3 Re6 26. Rfe1
Rxe1+ 27. Rxe1 f6 28. Bb4 Nc7 29. h4 d4 30. h5 Nd5 31. Re4 Nxb4 32. axb4 Rd2
33. Kh2 Kf7 34. b5 f5 35. Re5 Kf6 36. Rd5 Ke6 37. Rd8 Ke7 38. Rg8 Kf6 39. Rf8+
Ke6 40. Re8+ Kf6 41. f4 Rb2 42. Rd8 Rb4 43. Rd7 g5 44. Rd6+ Ke7 45. Rh6 gxf4
46. b6 d3 47. Rxh7+ Kf6 48. Rd7 Rxb6 49. Rxd3 Kg5 50. Rh3 Rh6 51. Kg1 Rxh5 52.
Kf2 Rh6 53. Rxh6 Kxh6 54. Kf3 Kg5 55. g3 fxg3 56. Kxg3 f4+ 57. Kh3 Kf5 58. Kg2
Ke4 59. Kf2 f3 60. Kf1 Kf5 61. Kg1 Kg5 62. Kf2 Kf4 63. Kf1 Ke3 64. Ke1 f2+ 65.
Kf1 Kf3 {Droht Matt} 1/2-1/2

[Event "ICS rated blitz match"]
[Site "204.178.125.65"]
[Date "2000.07.12"]
[Round "?"]
[White "PostModernist"]
[Black "Hossa"]
[Result "1-0"]
[WhiteElo "2761"]
[BlackElo "2564"]
[PlyCount "103"]
[EventDate "2000.??.??"]

1. d4 d5 2. Nf3 c6 3. c4 Nf6 4. Nc3 dxc4 5. a4 c5 6. d5 Bf5 7. Ne5 e6 8. Bg5
Be7 9. dxe6 Bxe6 10. e3 Nbd7 11. Nxc4 O-O 12. Be2 Nb6 13. Qxd8 Rfxd8 14. Na5
Rab8 15. Bf3 Nbd5 16. O-O-O Nxc3 17. bxc3 Rf8 18. Bxb7 c4 19. Bf4 Ba3+ 20. Kb1
Nd5 21. Rxd5 Bxd5 22. Bxb8 Rxb8 23. Ka2 Bxb7 24. Kxa3 Bxg2 25. Rd1 g6 26. Rd7
a6 27. Nxc4 f6 28. Na5 f5 29. c4 Bf3 30. Ra7 Rb6 31. c5 Rb1 32. c6 Rb8 33. c7
Rf8 34. Nc4 Bd5 35. Nd6 Be6 36. Rxa6 f4 37. e4 f3 38. Rb6 Kg7 39. Rb8 Bd7 40.
Rxf8 Kxf8 41. Kb4 Ke7 42. Kc5 Ke6 43. a5 g5 44. a6 Ke5 45. a7 h6 46. a8=Q h5
47. Qd8 Ke6 48. Qg8+ Kf6 49. Qf7+ Ke5 50. Qxd7 Kf6 51. Qf7+ Ke5 52. Qf5# 1-0

[Event "ICS rated blitz match"]
[Site "204.178.125.65"]
[Date "2000.07.12"]
[Round "?"]
[White "Hossa"]
[Black "PostModernist"]
[Result "1-0"]
[WhiteElo "2556"]
[BlackElo "2769"]
[PlyCount "71"]
[EventDate "2000.??.??"]

1. d4 Nf6 2. c4 c5 3. d5 g6 4. Nc3 Bg7 5. e4 d6 6. Bd3 a6 7. Nf3 O-O 8. O-O b5
9. cxb5 Nbd7 10. bxa6 Qb6 11. a4 Bxa6 12. a5 Qc7 13. Bxa6 Rxa6 14. Nb5 Qb7 15.
Qe2 Rfa8 16. Bd2 Nxe4 17. Qxe4 Qxb5 18. Qxe7 Bf6 19. Qe4 Nb6 20. Rfe1 Nc4 21.
Bc3 Bxc3 22. bxc3 Rxa5 23. Rxa5 Nxa5 24. Qf4 Nc4 25. Ng5 f5 26. Qh4 h5 27. Ne6
Re8 28. Qf6 Rxe6 29. dxe6 Qe8 30. e7 Nb6 31. Qxd6 Nd7 32. Rd1 Kg7 33. Qxd7 Qxd7
34. Rxd7 Kf7 35. f4 Ke8 36. Rd6 1-0

[Event "ICS rated blitz match"]
[Site "204.178.125.65"]
[Date "2000.07.12"]
[Round "?"]
[White "Nadtitus"]
[Black "Hossa"]
[Result "0-1"]
[WhiteElo "2343"]
[BlackElo "2588"]
[PlyCount "188"]
[EventDate "2000.??.??"]

1. c4 Nf6 2. Nf3 c5 3. g3 e6 4. Bg2 Be7 5. b3 O-O 6. O-O d5 7. Bb2 d4 8. e3 Nc6
9. d3 e5 10. e4 Ne8 11. Nbd2 a6 12. a4 Bg4 13. h3 Bd7 14. Ne1 Qc8 15. Kh2 b6
16. Qe2 Nd6 17. Nc2 Rb8 18. Ba3 Nb7 19. Rab1 Qc7 20. Bc1 Nd6 21. Ba3 Ra8 22.
Ra1 Nb7 23. Rab1 Rac8 24. Ra1 Rce8 25. Rab1 Bc8 26. Bc1 Rd8 27. Ba3 Rd6 28. b4
Rg6 29. b5 Nb8 30. bxa6 Nxa6 31. Ra1 Bd7 32. Bc1 Na5 33. Ne1 Nb4 34. Qd1 Bg5
35. f3 Ra8 36. Rf2 Bc8 37. Nf1 Bxc1 38. Rxc1 Nac6 39. Qb3 Qa7 40. Ra1 Rf6 41.
Nc2 Na5 42. Qa3 Nxc2 43. Rxc2 Nc6 44. Qb3 Nb4 45. Rd2 Bd7 46. f4 Bxa4 47. Qa3
Re6 48. fxe5 Qb8 49. Qc1 b5 50. Ra3 bxc4 51. Qxc4 Ra5 52. Rb2 Qxe5 53. Qc1 Rb6
54. Nd2 Rg6 55. Qe1 Ra7 56. Nc4 Qc7 57. e5 Bc2 58. Rxa7 Qxa7 59. Be4 Qd7 60.
Bxg6 hxg6 61. Rxb4 cxb4 62. Qxb4 Qf5 63. Qd2 Bxd3 64. Nd6 Qxe5 65. Nxf7 Qe3 66.
Qxe3 dxe3 67. Ne5 Bf1 68. Nf3 Kf7 69. Kg1 Ba6 70. Ne1 Kf6 71. Kg2 Bc4 72. Kf3
e2 73. Kf2 Be6 74. Kxe2 Bxh3 75. Kf3 Bd7 76. Kf4 g5+ 77. Kf3 Bc6+ 78. Kf2 Be4
79. Nf3 Bxf3 80. Kxf3 Kf5 81. g4+ Ke5 82. Ke3 g6 83. Kf3 Kd4 84. Kf2 Ke4 85.
Kg3 Ke3 86. Kg2 Kf4 87. Kh3 Kf3 88. Kh2 Kxg4 89. Kg2 Kf4 90. Kf2 g4 91. Kg2 g3
92. Kg1 Kf3 93. Kf1 g2+ 94. Kg1 g5 0-1

[Event "ICS Rated blitz match"]
[Site "204.178.125.65"]
[Date "2000.07.12"]
[Round "?"]
[White "Hossa"]
[Black "Jorge42"]
[Result "1-0"]
[WhiteElo "2594"]
[BlackElo "1819"]
[PlyCount "81"]
[EventDate "2000.??.??"]

1. d4 d5 2. c4 e6 3. Nc3 Nf6 4. cxd5 exd5 5. Bg5 Be7 6. e3 O-O 7. Bd3 c6 8. Nf3
Re8 9. O-O Bg4 10. h3 Bh5 11. Qb3 Qc7 12. Bf4 Bd6 13. Bxd6 Qxd6 14. Qxb7 Nbd7
15. Ne5 Nxe5 16. dxe5 Qxe5 17. Qxc6 Rac8 18. Qa4 Ne4 19. Bxe4 dxe4 20. Qxa7 Qg5
21. Kh1 Qf5 22. a3 Bf3 23. Kh2 Qe5+ 24. Kg1 Qg5 25. g3 Qf5 26. Kh2 Re6 27. g4
Qe5+ 28. Kg1 Rh6 29. Qd7 Re8 30. Nxe4 Qxe4 31. g5 Rhe6 32. Qd4 Qf5 33. Kh2 Re4
34. Qd6 Rh4 35. Qg3 Rc4 36. Rfc1 Rcc8 37. Rxc8 Rxc8 38. b4 Ba8 39. Qf4 Qd5 40.
Qg3 Rc2 41. Qb8+ {Jorge42 resigns} 1-0

[Event "ICS rated blitz match"]
[Site "204.178.125.65"]
[Date "2000.07.12"]
[Round "?"]
[White "Lurens-King"]
[Black "Hossa"]
[Result "0-1"]
[WhiteElo "2049"]
[BlackElo "2594"]
[PlyCount "28"]
[EventDate "2000.??.??"]

1. d4 Nf6 2. Nf3 e6 3. c4 Bb4+ 4. Nc3 O-O 5. Qc2 c5 6. e3 d5 7. cxd5 cxd4 8.
exd4 exd5 9. Bg5 Nc6 10. Bd3 Bg4 11. O-O Bxf3 12. gxf3 Nxd4 13. Bxh7+ Nxh7 14.
Bxd8 Nxc2 {Lurens-King resigns} 0-1

[Event "ICS rated standard match"]
[Site "204.178.125.65"]
[Date "2000.07.12"]
[Round "?"]
[White "QueenMaxima"]
[Black "Hossa"]
[Result "0-1"]
[WhiteElo "2351"]
[BlackElo "2395"]
[PlyCount "154"]
[EventDate "2000.??.??"]

1. d4 Nf6 2. Bf4 c5 3. dxc5 Na6 4. e3 Nxc5 5. Nc3 d6 6. Nf3 Bd7 7. Bc4 h6 8.
O-O g5 9. Bg3 Bg7 10. Nd4 Rc8 11. Bb3 O-O 12. Qe2 Nxb3 13. axb3 a6 14. Rfd1 Qb6
15. Qd3 Qc5 16. Ra3 Bh8 17. Rda1 Rfe8 18. Ra5 Qc7 19. f3 Nh5 20. Nd5 Qd8 21.
Be1 e6 22. Nc3 Qb6 23. Bf2 Qc7 24. f4 d5 25. fxg5 hxg5 26. e4 Nf4 27. Qg3 Qd8
28. Kh1 e5 29. Nf3 Nh5 30. Qxg5+ Qxg5 31. Nxg5 d4 32. Be1 dxc3 33. Bxc3 Nf4 34.
Re1 Bg4 35. Nf3 Bxf3 36. gxf3 Re6 37. Raa1 Rg6 38. Rad1 Nh3 39. Re2 Kh7 40. Rg2
Rcg8 41. Rdd2 Bf6 42. Rxg6 Rxg6 43. Rg2 Nf4 44. Rd2 b6 45. b4 Kg7 46. b3 Kf8
47. Ba1 Rg5 48. c4 Be7 49. Bc3 f6 50. Rd1 Rg2 51. Bd2 Rf2 52. Bxf4 exf4 53. Ra1
Rxf3 54. Rxa6 Rxb3 55. Rxb6 Rxb4 56. Rxb4 Bxb4 57. Kg2 Kf7 58. Kf3 Ke6 59. Kg4
Ke5 60. Kf3 Be7 61. h4 f5 62. exf5 Bxh4 63. Kg2 Kxf5 64. Kf3 Be7 65. Kg2 Ke4
66. Kf2 Bc5+ 67. Ke2 f3+ 68. Kf1 Kd3 69. Ke1 Kc3 70. Kd1 f2 71. Ke2 Kxc4 72.
Kf1 Kd3 73. Kg2 Ke2 74. Kh3 Be7 75. Kg4 f1=Q 76. Kg3 Ke3 77. Kg4 Qf3# 0-1

[Event "ICS rated blitz match"]
[Site "204.178.125.65"]
[Date "2000.07.13"]
[Round "?"]
[White "Hossa"]
[Black "PostModernist"]
[Result "0-1"]
[WhiteElo "2595"]
[BlackElo "2721"]
[PlyCount "158"]
[EventDate "2000.??.??"]

1. d4 Nf6 2. c4 e6 3. Nf3 b6 4. g3 Ba6 5. b3 Bb7 6. Bg2 Bb4+ 7. Bd2 a5 8. O-O
O-O 9. Bc3 d5 10. Bxb4 axb4 11. Ne5 Nbd7 12. Nd3 c5 13. e3 Qc7 14. Nd2 dxc4 15.
Bxb7 Qxb7 16. bxc4 Ra3 17. Nb1 Ra5 18. Nd2 Rfa8 19. Qc2 Ra3 20. Nc1 Rc3 21. Qb1
Qc6 22. Ne2 Rca3 23. Qc2 Nf8 24. Nf4 Qa4 25. Nb3 Rxa2 26. Rxa2 Qxa2 27. Qxa2
Rxa2 28. dxc5 bxc5 29. Nxc5 N6d7 30. Ncd3 b3 31. Rb1 Ra3 32. Ne2 e5 33. Nec1 e4
34. Nb4 Nc5 35. Ne2 Nfd7 36. Nc6 Nb6 37. Rd1 f6 38. Nc3 b2 39. Nb1 Nxc4 40. Nb4
Nd3 41. Nd5 Ra5 42. Ndc3 f5 43. g4 g6 44. h3 Kf7 45. h4 Nce5 46. gxf5 gxf5 47.
Kg2 Ra6 48. h5 Rh6 49. Rh1 Ng4 50. Nd1 Nf6 51. f3 Rxh5 52. Rxh5 Nxh5 53. fxe4
fxe4 54. Ndc3 Nf6 55. Nb5 Ke6 56. Nd4+ Ke5 57. Kf1 Nb4 58. Na3 Ng4 59. Ke2 Nd3
60. Nb1 Nf4+ 61. Kd2 Nd5 62. Nc2 h5 63. Nba3 h4 64. Nc4+ Kf6 65. N2a3 h3 66.
Nd6 Nf2 67. Ke2 h2 68. Kxf2 h1=Q 69. Ndc4 Qf3+ 70. Ke1 Qg3+ 71. Kf1 Nxe3+ 72.
Nxe3 Qf3+ 73. Ke1 Qxe3+ 74. Kf1 Qxa3 75. Kg2 Qf3+ 76. Kh2 Qg4 77. Kh1 Qh3+ 78.
Kg1 b1=Q+ 79. Kf2 Qbf1# {Hossa checkmated} 0-1

[Event "ICS Rated standard match"]
[Site "204.178.125.65"]
[Date "2000.07.13"]
[Round "?"]
[White "Hossa"]
[Black "JudgeTurpin"]
[Result "1/2-1/2"]
[WhiteElo "2409"]
[BlackElo "2371"]
[PlyCount "179"]
[EventDate "2000.??.??"]

1. e4 e5 2. Nf3 Nc6 3. d4 exd4 4. Nxd4 Bc5 5. Be3 Qf6 6. c3 Nge7 7. Bc4 Ne5 8.
Nd2 Nxc4 9. Nxc4 O-O 10. O-O d6 11. Qh5 Qg6 12. Qxg6 hxg6 13. Nb5 Be6 14. Nd2
Bxe3 15. fxe3 Rfc8 16. Kf2 Bd7 17. c4 Nc6 18. Nf3 a6 19. Nc3 Re8 20. Rad1 Rad8
21. Nd5 Rxe4 22. Nd2 Rh4 23. Nxc7 Ne5 24. h3 Nxc4 25. Nf3 Re4 26. Nd2 Nxd2 27.
Rxd2 Bc6 28. Rc1 Ra4 29. a3 Ra5 30. g4 Rd7 31. Na8 Rb5 32. a4 Rb3 33. a5 Re7
34. Rc3 Rb5 35. Nb6 Re6 36. Nc8 Rxa5 37. Nxd6 Rf6+ 38. Kg3 Rf3+ 39. Kh2 Rf1 40.
e4 Raa1 41. Kg3 Rae1 42. Rf3 Rg1+ 43. Kf4 f6 44. Rff2 Kf8 45. Kf3 Ke7 46. Rd3
Ke6 47. Rc2 f5 48. Kf4 Bxe4 49. Nxe4 Rxe4+ 50. Kf3 Rh1 51. Kg2 Ree1 52. Rc7
Reg1+ 53. Kf2 fxg4 54. hxg4 Rxg4 55. Rxb7 Rh2+ 56. Kf3 Rgg2 57. Rb6+ Ke5 58.
Rxa6 Rf2+ 59. Kg4 Ke4 60. Rc3 Rxb2 61. Rxg6 Rh1 62. Rg3 Rb7 63. Rh3 Rxh3 64.
Kxh3 Kf5 65. Rg3 Kf4 66. Rg4+ Ke5 67. Rg5+ Kf6 68. Kg4 Rb4+ 69. Kh5 Rb2 70.
Rg6+ Kf7 71. Rg5 Rh2+ 72. Kg4 Rg2+ 73. Kh4 Rxg5 74. Kxg5 g6 75. Kh4 Kf6 76. Kg4
g5 77. Kh3 Kf5 78. Kg3 Kg6 79. Kh3 Kf6 80. Kg4 Kg6 81. Kh3 Kg7 82. Kg4 Kh6 83.
Kh3 Kg6 84. Kg4 Kf6 85. Kh3 Ke5 86. Kg4 Kd4 87. Kh3 Ke5 88. Kg4 Kd4 89. Kh3 Ke5
90. Kg4 1/2-1/2

[Event "ICS Rated standard match"]
[Site "204.178.125.65"]
[Date "2000.07.13"]
[Round "?"]
[White "JudgeTurpin"]
[Black "Hossa"]
[Result "1-0"]
[WhiteElo "2373"]
[BlackElo "2407"]
[PlyCount "199"]
[EventDate "2000.??.??"]

1. d4 Nf6 2. c4 e6 3. Nf3 b6 4. Bf4 Bb4+ 5. Nfd2 O-O 6. a3 Be7 7. e3 c5 8. Nc3
cxd4 9. exd4 d5 10. Nb5 dxc4 11. Nc7 Nd5 12. Nxa8 Nxf4 13. Qa4 Ba6 14. g3 b5
15. Qd1 Bb7 16. Rg1 Nd3+ 17. Bxd3 cxd3 18. Nb3 Bxa8 19. Qxd3 Qd5 20. O-O-O Nc6
21. Kb1 a6 22. Rge1 Qg2 23. f4 Rd8 24. f5 Qd5 25. fxe6 fxe6 26. Qe3 Rd6 27. g4
Bf6 28. Qc3 a5 29. Nxa5 Nxd4 30. h3 e5 31. Ka1 Bh4 32. Rf1 Qe6 33. Rc1 Rd8 34.
Qd3 Qe7 35. Qc3 Be4 36. Qc7 Bd3 37. Rfd1 Be2 38. Qxe7 Bxe7 39. Re1 Bh4 40. Rg1
Bd3 41. Rc7 Be4 42. Nb7 Ra8 43. Nd6 Bd8 44. Rc8 Rxc8 45. Nxc8 Bd5 46. Kb1 Bh4
47. Rc1 Be4+ 48. Ka2 Bg2 49. Nd6 Be7 50. Rc8+ Bf8 51. h4 Bh3 52. Rb8 Bxg4 53.
Nxb5 Nf3 54. Kb3 Nxh4 55. Nd6 Nf3 56. Kc4 Be6+ 57. Kd3 g5 58. Ne4 g4 59. Ke3
Kf7 60. Rb7+ Kg6 61. Kd3 h5 62. Rb8 Kg7 63. Rb7+ Bf7 64. Rc7 h4 65. Ke3 h3 66.
Kf2 Kg6 67. Rc6+ Kf5 68. Ng3+ Kg5 69. Rc8 Bh6 70. b4 Bd5 71. Rd8 Bb3 72. b5 h2
73. b6 e4 74. b7 Kh4 75. b8=Q Kh3 76. Nxe4 h1=N+ 77. Ke2 Bc4+ 78. Kd1 Bg7 79.
Rd7 Be5 80. Qc8 Bb3+ 81. Kc1 Ng3 82. Rh7+ Kg2 83. Qxg4 Be6 84. Qxe6 Nxe4 85.
Qg4+ Ng3 86. a4 Bf4+ 87. Kc2 Be5 88. Rf7 Nd4+ 89. Kd3 Kg1 90. Qg5 Bb8 91. Qe3+
Kg2 92. Qf2+ Kh3 93. Rh7+ Kg4 94. Qxd4+ Kf5 95. Rf7+ Kg5 96. Qf6+ Kg4 97. Qf3+
Kg5 98. Rg7+ Kh6 99. Qf6+ Kh5 100. Qg5# {Hossa checkmated} 1-0

[Event "ICS rated blitz match"]
[Site "204.178.125.65"]
[Date "2000.07.13"]
[Round "?"]
[White "PostModernist"]
[Black "Hossa"]
[Result "0-1"]
[WhiteElo "2724"]
[BlackElo "2585"]
[PlyCount "318"]
[EventDate "2000.??.??"]

1. d4 Nf6 2. c4 e6 3. Nf3 b6 4. g3 Ba6 5. b3 Bb7 6. Bg2 Bb4+ 7. Bd2 a5 8. O-O
O-O 9. Qc2 Be4 10. Qb2 Bxd2 11. Nbxd2 Bb7 12. Qc2 d6 13. a3 c5 14. e4 cxd4 15.
Nxd4 a4 16. bxa4 Na6 17. N2b3 Rc8 18. Rfd1 d5 19. exd5 Bxd5 20. Bxd5 exd5 21.
Nd2 Re8 22. Rab1 Nc5 23. cxd5 Qxd5 24. Nc4 Ncd7 25. Rbc1 Re4 26. Qd3 Rce8 27.
Qc3 Ra8 28. f3 Ree8 29. Qb4 Qh5 30. Nxb6 Nxb6 31. Qxb6 Rxa4 32. Re1 Rf8 33. Qd6
Qh3 34. Nc6 Raa8 35. Qd3 Kh8 36. Re7 Kg8 37. Rc4 Ra6 38. Nb4 Ra5 39. Rc3 Rh5
40. Qd2 Ra5 41. Rd3 Kh8 42. Rd8 Ra8 43. Rxf8+ Rxf8 44. Nc6 Qf5 45. Re3 Qb1+ 46.
Re1 Qb6+ 47. Nd4 Rd8 48. Rd1 Nd5 49. a4 Nb4 50. Qb2 Qd6 51. Kg2 Rg8 52. Qb3 Qe7
53. Rb1 Na6 54. Qc4 Nb8 55. Qb5 Qd6 56. Rd1 Qe7 57. a5 Rf8 58. h4 Rg8 59. h5 h6
60. g4 Rc8 61. Kh3 Rf8 62. Nf5 Qa3 63. Qd5 Na6 64. Nd6 Kg8 65. Qf5 Nc7 66. Ne4
Qe3 67. Rd3 Qg1 68. Rd2 Ne6 69. Rg2 Qh1+ 70. Kg3 Qe1+ 71. Rf2 Nd4 72. Qe5 Ne2+
73. Kg2 Qg1+ 74. Kh3 Nc1 75. Qb5 Qh1+ 76. Kg3 Qg1+ 77. Kf4 Qd1 78. Rd2 Qe1 79.
Qc4 Kh8 80. a6 f5 81. gxf5 Qh4+ 82. Ke3 Qe1+ 83. Kd4 Rd8+ 84. Kc3 Nd3 85. Kb3
Qb1+ 86. Ka3 Qa1+ 87. Ra2 Qe5 88. a7 Qa5+ 89. Qa4 Qd5 90. Rd2 Ra8 91. Qa6 Qd4
92. Qxd3 Rxa7+ 93. Kb3 Rb7+ 94. Kc2 Qa4+ 95. Kc1 Qa1+ 96. Kc2 Qb1+ 97. Kc3 Rc7+
98. Kd4 Rd7+ 99. Kc3 Qc1+ 100. Kb3 Rxd3+ 101. Rxd3 Qh1 102. f6 Qxh5 103. fxg7+
Kxg7 104. Kc4 Qf7+ 105. Kd4 h5 106. Ke3 h4 107. Nd6 Qe6+ 108. Ne4 h3 109. Rd6
Qf7 110. Rd2 Qa7+ 111. Kd3 Qg1 112. Nf2 h2 113. Ke2 Qxf2+ 114. Kxf2 h1=Q 115.
Rd5 Kf7 116. Kg3 Qg1+ 117. Kf4 Qc1+ 118. Kg3 Qe1+ 119. Kg2 Kf6 120. Rd6+ Ke7
121. Rg6 Kd8 122. Rg4 Kc8 123. Rc4+ Kb7 124. Rc2 Kb6 125. Rc8 Qd1 126. Kf2 Kb7
127. Re8 Kc7 128. Re2 Qc1 129. Re6 Kd7 130. Re4 Kc6 131. Rd4 Qc3 132. Re4 Qa1
133. f4 Qc1 134. Re3 Qc5 135. Kf3 Qh5+ 136. Kg3 Kd7 137. Re4 Kd8 138. Re5 Qd1
139. Kh4 Qg1 140. Re6 Qg2 141. f5 Qg7 142. Kh5 Qg3 143. Rg6 Qf4 144. f6 Kd7
145. Rg7+ Ke6 146. f7 Qh2+ 147. Kg5 Qg3+ 148. Kh6 Qh4+ 149. Kg6 Qh8 150. f8=N+
Qxf8 151. Kh7 Qf4 152. Rg6+ Kf5 153. Rg7 Qd4 154. Kg8 Kf6 155. Kh7 Qh4+ 156.
Kg8 Qh5 157. Ra7 Qd5+ 158. Kh7 Qh1+ 159. Kg8 Qg1+ 0-1

[Event "ICS rated blitz match"]
[Site "204.178.125.65"]
[Date "2000.07.13"]
[Round "?"]
[White "diomedes"]
[Black "Hossa"]
[Result "0-1"]
[WhiteElo "2396"]
[BlackElo "2607"]
[PlyCount "48"]
[EventDate "2000.??.??"]

1. Nf3 d5 2. d3 Nf6 3. Nbd2 Nc6 4. c3 e5 5. e4 dxe4 6. dxe4 Bg4 7. h3 Bxf3 8.
Qxf3 a6 9. a3 Be7 10. Bc4 O-O 11. O-O Qc8 12. Rd1 Rd8 13. Re1 Qd7 14. Nf1 Na5
15. Ba2 b6 16. Ne3 Qd3 17. Nf5 Qxf3 18. gxf3 Re8 19. b4 Nb7 20. Bg5 h6 21. Bh4
Nd6 22. Nxe7+ Rxe7 23. f4 exf4 24. e5 Rae8 {diomedes resigns} 0-1

[Event "ICS rated blitz match"]
[Site "204.178.125.65"]
[Date "2000.07.13"]
[Round "?"]
[White "Hossa"]
[Black "PostModernist"]
[Result "0-1"]
[WhiteElo "2614"]
[BlackElo "2702"]
[PlyCount "136"]
[EventDate "2000.??.??"]

1. e4 c5 2. Nf3 g6 3. Nc3 Nc6 4. Bb5 Bg7 5. d3 d6 6. O-O Bd7 7. Bf4 Nf6 8. Qd2
Qb6 9. Bh6 Bxh6 10. Qxh6 O-O-O 11. a4 Nb4 12. Bxd7+ Nxd7 13. a5 Qc7 14. Qg7
Rdf8 15. Nb5 Qb8 16. Rab1 Nxc2 17. Rbc1 Nb4 18. d4 Nd3 19. Rc3 Nf4 20. Rc2 a6
21. Qh6 e5 22. dxe5 dxe5 23. Nc3 Qc7 24. Ra1 f5 25. Nd5 Nxd5 26. exd5 Qd6 27.
Rd1 Kb8 28. Ng5 e4 29. Ne6 Re8 30. Qd2 h5 31. Qc3 Rc8 32. b3 h4 33. Rcc1 Ne5
34. f4 Nd3 35. Rxd3 exd3 36. Qxd3 Rh7 37. Qf3 Rd7 38. Rd1 c4 39. bxc4 Rxc4 40.
Qb3 Rb4 41. Qc3 Rb5 42. Qh8+ Ka7 43. Qc3 Rxd5 44. Qe3+ Ka8 45. Re1 Rd1 46. Ng5
Qb4 47. Nf3 Qxa5 48. Rxd1 Rxd1+ 49. Kf2 Qb5 50. Nd2 a5 51. Qc3 a4 52. Qc2 Rh1
53. Qc7 a3 54. h3 a2 55. Qd8+ Ka7 56. Qd4+ Ka6 57. Qd6+ Qb6+ 58. Qxb6+ Kxb6 59.
Ke3 a1=Q 60. Kd3 Qa3+ 61. Ke2 Qg3 62. Nf3 Qxg2+ 63. Ke3 Kc5 64. Ng5 Re1+ 65.
Kd3 Qe2+ 66. Kc3 Rc1+ 67. Kb3 Qc2+ 68. Ka3 Ra1# {Hossa checkmated} 0-1

[Event "ICS rated blitz match"]
[Site "204.178.125.65"]
[Date "2000.07.13"]
[Round "?"]
[White "grobdigger"]
[Black "Hossa"]
[Result "1-0"]
[WhiteElo "2197"]
[BlackElo "2602"]
[PlyCount "121"]
[EventDate "2000.??.??"]

1. g4 e5 2. d3 d5 3. h3 Bc5 4. Bg2 Ne7 5. Nc3 O-O 6. e4 Be6 7. Nf3 Nd7 8. O-O
d4 9. Ne2 Ng6 10. Ng3 Re8 11. Nf5 c6 12. a3 Bxf5 13. exf5 Nf4 14. Nxe5 Nxg2 15.
Nxd7 Qxd7 16. Kxg2 Be7 17. Qf3 Qc7 18. Bd2 Rad8 19. Rae1 Qb6 20. Bc1 Qc5 21.
Re2 Qd6 22. Rfe1 Qd7 23. Qe4 Bxa3 24. Qxe8+ Rxe8 25. Rxe8+ Bf8 26. Ra8 Qd5+ 27.
f3 Qc5 28. Ree8 Qxc2+ 29. Kg3 Qc5 30. Rxf8+ Qxf8 31. Rxf8+ Kxf8 32. Kf4 Ke7 33.
Ke5 c5 34. Kd5 b6 35. Kc6 Ke8 36. Kb7 Kd7 37. Kxa7 Kc6 38. Ka6 b5 39. g5 c4 40.
h4 Kc5 41. h5 g6 42. fxg6 fxg6 43. hxg6 hxg6 44. Ka5 cxd3 45. Bd2 b4 46. b3 Kd6
47. Kxb4 Kd5 48. Kb5 Kd6 49. Kc4 Ke5 50. b4 Kd6 51. Kxd4 Kd7 52. Kxd3 Kd6 53.
Ke4 Kd7 54. Ke5 Ke7 55. b5 Kf7 56. b6 Ke7 57. b7 Kf7 58. b8=Q Ke7 59. Qc7+ Ke8
60. Kf6 Kf8 61. Qc8# {Hossa checkmated} 1-0

[Event "ICS rated blitz match"]
[Site "204.178.125.65"]
[Date "2000.07.13"]
[Round "?"]
[White "Hossa"]
[Black "grobdigger"]
[Result "1-0"]
[WhiteElo "2573"]
[BlackElo "2245"]
[PlyCount "91"]
[EventDate "2000.??.??"]

1. g4 e5 2. d3 d5 3. h3 c6 4. Nf3 f5 5. Nxe5 Bd6 6. d4 Bxe5 7. dxe5 fxg4 8.
hxg4 Bxg4 9. Qd3 Qd7 10. Rxh7 Bf5 11. Rxh8 Bxd3 12. Rxg8+ Kf7 13. Rxb8 Rxb8 14.
exd3 Rh8 15. d4 Rh1 16. Be3 Rxf1+ 17. Kxf1 Qh3+ 18. Ke2 Qh1 19. b4 Ke6 20. a4
Kf5 21. f3 g5 22. b5 g4 23. fxg4+ Kxg4 24. bxc6 bxc6 25. a5 a6 26. Kd3 Qf1+ 27.
Kc3 Qc4+ 28. Kd2 Qf1 29. e6 Qf6 30. Nc3 Qxe6 31. Na4 Qd6 32. Nc5 Qh2+ 33. Kd3
Qh7+ 34. Kc3 Qh3 35. Re1 Kf5 36. Nxa6 Qg3 37. Kd2 Qg2+ 38. Re2 Qh1 39. Rf2+ Kg4
40. Nb4 Qa1 41. Nxc6 Qa4 42. Rf6 Kg3 43. Rg6+ Kf3 44. a6 Ke4 45. a7 Kf5 46. Rg8
{grobdigger resigns} 1-0

[Event "ICS rated blitz match"]
[Site "204.178.125.65"]
[Date "2000.07.13"]
[Round "?"]
[White "Hossa"]
[Black "colgador237"]
[Result "1-0"]
[WhiteElo "2577"]
[BlackElo "2330"]
[PlyCount "63"]
[EventDate "2000.??.??"]

1. g4 d5 2. g5 e5 3. d3 c6 4. Nf3 Bd6 5. e4 Ne7 6. exd5 cxd5 7. d4 e4 8. Nh4
Nbc6 9. c3 Ng6 10. Nxg6 hxg6 11. h4 Ne7 12. h5 gxh5 13. Rxh5 O-O 14. Rh1 Ng6
15. Qh5 Re8 16. Qh7+ Kf8 17. Bb5 Bd7 18. Bxd7 Qxd7 19. c4 dxc4 20. Nc3 Bb4 21.
Be3 Bxc3+ 22. bxc3 Qg4 23. d5 Re5 24. Bc5+ Ke8 25. Qg8+ Kd7 26. Qxa8 Rxd5 27.
Qxb7+ Ke6 28. Qc6+ Ke5 29. Bd4+ Rxd4 30. cxd4+ Kxd4 31. Qd6+ Kc3 32. Qd2# 1-0

[Event "ICS rated standard match"]
[Site "204.178.125.65"]
[Date "2000.07.13"]
[Round "?"]
[White "Mungo"]
[Black "Hossa"]
[Result "1-0"]
[WhiteElo "2495"]
[BlackElo "2389"]
[PlyCount "131"]
[EventDate "2000.??.??"]

1. e4 e5 2. Nf3 Nc6 3. d4 exd4 4. Nxd4 Bc5 5. Be3 Qf6 6. c3 Nge7 7. Nc2 Bxe3 8.
Nxe3 O-O 9. Be2 Qg6 10. Nd2 Ne5 11. O-O b6 12. f4 Qh6 13. Rf2 d6 14. fxe5 Qxe3
15. exd6 cxd6 16. Nc4 Qxe4 17. Bf3 Qxc4 18. Bxa8 Qc5 19. Bf3 Be6 20. Qa4 b5 21.
Qc2 Re8 22. Rd1 Nf5 23. Qe4 Ne3 24. Re1 Bd7 25. Qd4 Qxd4 26. cxd4 f5 27. Rc1 a5
28. Bc6 Rc8 29. Rfc2 Kf7 30. Rc3 Rxc6 31. Rxc6 Bxc6 32. Rxc6 Ke6 33. Rb6 b4 34.
Rb5 Nd1 35. b3 Nc3 36. Rxa5 Ne2+ 37. Kf2 Nxd4 38. Ra7 g6 39. Rxh7 f4 40. Rb7
Nc2 41. g3 fxg3+ 42. hxg3 g5 43. Rg7 Kf5 44. Rc7 Na3 45. Rb7 Nc2 46. Ke2 Nd4+
47. Kd1 Ke4 48. Rxb4 Kd3 49. a4 Nc2 50. Rb7 Nd4 51. a5 Nc6 52. a6 Ke4 53. b4
Kf3 54. a7 Kxg3 55. a8=Q Ne5 56. b5 g4 57. b6 Kf2 58. Rc7 Ke3 59. Qa3+ Ke4 60.
Qxd6 Kf5 61. Rc5 Ke4 62. Rxe5+ Kf3 63. Qd3+ Kg2 64. Re2+ Kf1 65. Qd5 g3 66.
Qh1# {Hossa checkmated} 1-0

[Event "ICS Rated standard match"]
[Site "204.178.125.65"]
[Date "2000.07.13"]
[Round "?"]
[White "Hossa"]
[Black "Tinker"]
[Result "1-0"]
[WhiteElo "2378"]
[BlackElo "2287"]
[PlyCount "161"]
[EventDate "2000.??.??"]

1. e4 d5 2. exd5 Qxd5 3. Nf3 Nc6 4. Nc3 Qe6+ 5. Be2 Nf6 6. d4 Qd6 7. Nb5 Qd8 8.
Ne5 Bf5 9. O-O e6 10. Bf3 Nd5 11. c4 Ndb4 12. Bf4 Bd6 13. Nxc6 Nxc6 14. Bxd6
cxd6 15. d5 Ne5 16. dxe6 Nxf3+ 17. Qxf3 Bxe6 18. Rfd1 O-O 19. Nxd6 b6 20. Rd4
Rb8 21. Rad1 Qg5 22. Qa3 Qe7 23. Qe3 Qf6 24. b4 Rfd8 25. a4 Bg4 26. f3 Bd7 27.
Rf4 Qe6 28. Qxe6 fxe6 29. Nf7 e5 30. Nxe5 Bxa4 31. Rxd8+ Rxd8 32. Rf7 Ra8 33.
Rc7 g6 34. Ng4 h5 35. Nf6+ Kf8 36. b5 Bb3 37. Nd7+ Kg8 38. h4 Ba2 39. Kh2 Bb3
40. Kh3 Bc2 41. Nf6+ Kf8 42. g4 hxg4+ 43. Kxg4 Rd8 44. Kg5 Rd4 45. Nd7+ Ke8 46.
Ne5 Rd6 47. Rxa7 Re6 48. Ra8+ Ke7 49. f4 Rd6 50. Ra7+ Ke8 51. Rb7 Bb1 52. Rb8+
Ke7 53. Nc6+ Kd7 54. Rxb6 Kc7 55. Ra6 Rd3 56. Ne7 Rg3+ 57. Kh6 Rh3 58. Nxg6
Bxg6 59. Rxg6 Rxh4+ 60. Kg5 Rh8 61. c5 Kb8 62. b6 Kb7 63. c6+ Kxb6 64. c7+ Kxc7
65. Rg7+ Kd8 66. f5 Ke8 67. Kg6 Rh3 68. Rg8+ Kd7 69. f6 Rg3+ 70. Kf7 Rf3 71.
Rg6 Rc3 72. Kg8 Rc8+ 73. Kg7 Ke6 74. f7+ Ke7 75. Rf6 Ra8 76. f8=Q+ Rxf8 77.
Rxf8 Kd7 78. Rf6 Kc7 79. Kf7 Kd7 80. Re6 Kc7 81. Ke8 {Tinker resigns} 1-0